Teaching language as communication
Guardat en:
| Autor principal: | |
|---|---|
| Format: | Llibre |
| Idioma: | anglès |
| Publicat: |
Oxford
Oxford University Press
1978
|
| Matèries: | |
| Etiquetes: |
Afegir etiqueta
Sense etiquetes, Sigues el primer a etiquetar aquest registre!
|
MARC
| LEADER | 00000nam a2200000 a 4500 | ||
|---|---|---|---|
| 001 | UCW8904 | ||
| 003 | CL-VaPUC | ||
| 008 | 881107e19780000UK |||||||||||||||||eng|d | ||
| 082 | 0 | 4 | |a 407 |b WID |2 21 |
| 100 | 0 | |a Widdowson, H. G |e author |9 314118 | |
| 245 | 1 | 0 | |a Teaching language as communication |
| 300 | |a 168 p | ||
| 942 | |c BK | ||
| 945 | |d 19881107 00:00:00 | ||
| 260 | |a Oxford |b Oxford University Press |c 1978 | ||
| 650 | 7 | |a LENGUAJE Y LENGUAS ENSEÑANZA |2 CL-VaPUC |9 307441 | |
| 650 | 0 | |a Análisis del discurso |9 256696 | |
| 583 | |a last modification |c 19881107 00:00:00 |k Rodrigo Vera | ||
| 999 | |c 221089 |d 221087 | ||
| 952 | |0 0 |1 0 |4 0 |6 407_000000000000000_WID_1978 |7 0 |8 A |9 214055 |a BIBEDU |b BIBEDU |d 2019-11-15 |i 2825015 |o 407 WID 1978 |p 2825015 |r 2019-11-15 |w 2019-11-15 |y BK |k LIT | ||